000 00529nam a2200169 4500
001 109521
003 ES-MaACL
005 20230906184846.0
007 t|
008 061121s1966 sp r ||||1| spa d
100 1 _aMuller, Philippe.
_984142
245 1 3 _aLa psicología en el mundo moderno /
_cPhilippe Muller; traducción al castellano de Juan José Echeveste.
260 _aMadrid :
_bGuadarrama,
_c1966.
300 _a220 p. ;
_c19 cm.
700 1 _aEcheveste, Juan José.
_946592
852 _aES-MaACL
_jC-29403
_bR.59900
999 _c109521
_d109521